Systems Simulation with Digital Computer (Record no. 2754)

MARC details
000 -LEADER
fixed length control field 00347nam a2200145Ia 4500
008 - FIXED-LENGTH DATA ELEMENTS--GENERAL INFORMATION
fixed length control field 191201s2006 xx 000 0 und d
082 ## - DEWEY DECIMAL CLASSIFICATION NUMBER
Classification number 003.3
Item number DES
100 ## - MAIN ENTRY--PERSONAL NAME
Personal name DEO, Nar Singh
245 #0 - TITLE STATEMENT
Title Systems Simulation with Digital Computer
250 ## - EDITION STATEMENT
Edition statement 9th
260 ## - PUBLICATION, DISTRIBUTION, ETC. (IMPRINT)
Place of publication, distribution, etc N.Delhi
Name of publisher, distributor, etc PHI
Date of publication, distribution, etc 2006
300 ## - PHYSICAL DESCRIPTION
Extent 200
650 ## - SUBJECT ADDED ENTRY--TOPICAL TERM
Topical term or geographic name as entry element B.Tech(IT)
942 ## - ADDED ENTRY ELEMENTS (KOHA)
Source of classification or shelving scheme Dewey Decimal Classification
Koha item type Text Books
Holdings
Withdrawn status Lost status Source of classification or shelving scheme Damaged status Not for loan Collection code Home library Current library Date acquired Source of acquisition Cost, normal purchase price Bill Number Total Checkouts Full call number Acc. no. / Barcode Date last seen Date last borrowed Bill Date Koha item type
    Dewey Decimal Classification     B.Tech(IT) PIET C-LIBRARY PIET C-LIBRARY 13/08/2007 J B C, New Delhi 95.00 696 1 003.3 DES 5984 20/12/2019 13/12/2019 27/07/2007 Text Books
    Dewey Decimal Classification     B.Tech(IT) PIET C-LIBRARY PIET C-LIBRARY 13/08/2007 J B C, New Delhi 95.00 696 1 003.3 DES 5985 20/12/2019 13/12/2019 27/07/2007 Text Books
    Dewey Decimal Classification     B.Tech(IT) PIET C-LIBRARY PIET C-LIBRARY 13/08/2007 J B C, New Delhi 95.00 696   003.3 DES 5986 04/12/2019   27/07/2007 Text Books
    Dewey Decimal Classification     B.Tech(IT) PIET C-LIBRARY PIET C-LIBRARY 13/08/2007 J B C, New Delhi 95.00 696   003.3 DES 5987 20/12/2019   27/07/2007 Text Books

Design & Developed by: PIET Central Library
R70 Miles Stone Pattikalyana Samalkha Panipat 132102
mail ID :- [email protected], Phone No:- 0180-2569700 Ex.216